ბათუმის შოთა რუსთაველის სახელმწიფო უნივერსიტეტის ბიბლიოთეკა

პატარა სოსო (ბიბ.ჩანაწერი № 42297)

000 -LEADER
fixed length control field 00798nam a2200229Ia 4500
001 - CONTROL NUMBER
control field 8992
003 - CONTROL NUMBER IDENTIFIER
control field GE_BSU
008 - FIXED-LENGTH DATA ELEMENTS--GENERAL INFORMATION
fixed length control field 181216s||||||||xx |||||||||||||| ||und||
040 ## - CATALOGING SOURCE
Transcribing agency GE_BSU
080 ## - UNIVERSAL DECIMAL CLASSIFICATION NUMBER
Universal Decimal Classification number 82-93
100 ## - MAIN ENTRY--PERSONAL NAME
Personal name კასრაძე,დავით
245 ## - TITLE STATEMENT
Title პატარა სოსო
245 ## - TITLE STATEMENT
Remainder of title ბელადის ბავშვობა.საბავშვო მოთხრობა
245 ## - TITLE STATEMENT
Statement of responsibility, etc. რედ.ვ.ეგნატაშვილი,მხატვ.ე.გაბაშვილი
260 ## - PUBLICATION, DISTRIBUTION, ETC.
Place of publication, distribution, etc. თბილისი
260 ## - PUBLICATION, DISTRIBUTION, ETC.
Name of publisher, distributor, etc. საბლიტგამი
260 ## - PUBLICATION, DISTRIBUTION, ETC.
Date of publication, distribution, etc. 1944
300 ## - PHYSICAL DESCRIPTION
Extent 100გვ.სურ.21სმ.
653 ## - INDEX TERM--UNCONTROLLED
Uncontrolled term ბელადის ბავშვობა
653 ## - INDEX TERM--UNCONTROLLED
Uncontrolled term პატარა სოსო
942 ## - ADDED ENTRY ELEMENTS (KOHA)
Koha item type წიგნი
ეგზემპლარები
Withdrawn status Lost status Damaged status Not for loan Date acquired Barcode Date last seen Price effective from Koha item type
        2018-12-17 31526 2018-12-17 2018-12-17 წიგნი
        2018-12-17 31527 2018-12-17 2018-12-17 წიგნი